00518 2200205 4500001002100000005001500021035002000036008004100056245007300097100001700170250000600187260003600193300001100229084001400240082000800254650001400262990001200276990001200288990001200300INLIS00000000000028520240503073443 a0010-0424000261240503 0 ind 1 aEnsiklopedia Matematika : Matematika Dalam Masyarakat /cSue Thomson aThomson, Sue a1 aJakarta :bCempaka Putih,c2015 a56 hlm a510 SUE e a510 4aNon Fiksi a0728835 a0728836 a0728837